Tiempo y clima/ (Record no. 203054)

MARC details
000 -CABECERA
campo de control de longitud fija 00747nam a2200241 u 4500
005 - FECHA Y HORA DE LA ÚLTIMA TRANSACCIÓN
campo de control 20240528063652.0
008 - ELEMENTOS DE LONGITUD FIJA--INFORMACIÓN GENERAL
campo de control de longitud fija 190604s2007 r 000 0 eng d
020 ## - NÚMERO INTERNACIONAL NORMALIZADO PARA LIBROS
Número Internacional Estándar del Libro 9788424135324
035 ## - NÚMERO DE CONTROL DEL SISTEMA
Número de control de sistema UPN01000230959
049 ## - COLECCIÓN
Colección I
050 #4 - SIGNATURA TOPOGRÁFICA DE LA BIBLIOTECA DEL CONGRESO
Número de clasificación Q182.3
Número de documento/Ítem T5.3
245 00 - MENCIÓN DE TÍTULO
Título Tiempo y clima/
Mención de responsabilidad, etc. ed. Caroline Beattie.
260 ## - PUBLICACIÓN, DISTRIBUCIÓN, ETC.
Lugar de publicación, distribución, etc. León, Esp. :
Nombre del editor, distribuidor, etc. Everest,
Fecha de publicación, distribución, etc. 2007.
300 ## - DESCRIPCIÓN FÍSICA
Extensión 63 p. :
Otras características físicas il. col.
440 #0 - MENCIÓN DE SERIE/ASIENTO SECUNDARIO--TÍTULO
Título Experimentos científicos
534 ## - NOTA SOBRE LA VERSIÓN ORIGINAL
Frase introductoria Título original:
Mención de título del original Weather and climate
650 #4 - ASIENTO SECUNDARIO DE MATERIA - TERMINO TEMATICO
Término de materia o nombre geográfico como elemento de entrada CIENCIA -
Subdivisión general EXPERIMENTOS -
Subdivisión de forma LITERATURA INFANTIL
9 (RLIN) 13449
650 #4 - ASIENTO SECUNDARIO DE MATERIA - TERMINO TEMATICO
Término de materia o nombre geográfico como elemento de entrada EXPERIMENTOS EDUCATIVOS
9 (RLIN) 5899
650 #4 - ASIENTO SECUNDARIO DE MATERIA - TERMINO TEMATICO
Término de materia o nombre geográfico como elemento de entrada Climatología
Subdivisión de forma Literatura infantil
9 (RLIN) 11159
700 1# - ASIENTO SECUNDARIO--NOMBRE DE PERSONAL
Nombre de persona Beattie, Caroline,
Término indicativo de función/relación ed.
905 ## - TIPO DE MATERIAL
Tipo de material Infantil
Holdings
Estado de retiro Estado de pérdida Fuente del sistema de clasificación o colocación Estado dañado No para préstamo Código de colección Localización permanente Ubicación/localización actual Ubicación en estantería Fecha de adquisición Clasificación Código de barras Fecha visto por última vez Número de copia Tipo de ítem Koha
    Library of Congress Classification     Infantil Bib. Gregorio Torres Quintero Bib. Gregorio Torres Quintero Sala infantil Planta baja 10/05/2023 Q182.3 T5.3 323872 31/12/2020 1 Libro